|
|
|
|
| LEADER |
01381nam a2200337 i 4500 |
| 001 |
33326 |
| 003 |
BD-DhAAL |
| 005 |
20250625102841.0 |
| 008 |
180714t2012 bg a 000 0 eng |
| 010 |
|
|
|a 2013315692
|
| 020 |
|
|
|a 9789845061155
|
| 020 |
|
|
|a 984506115X
|
| 025 |
|
|
|a B-E-2013-315692; 22-92
|
| 037 |
|
|
|b Library of Congress -- New Delhi Overseas Office
|
| 040 |
|
|
|a DLC
|b eng
|e rda
|c DLC
|d DLC
|d BD-DhAAL
|
| 042 |
|
|
|a lcode
|a pcc
|
| 043 |
|
|
|a a-bg---
|
| 050 |
0 |
0 |
|a DS393.4
|b .M67 2012
|
| 082 |
|
|
|a 306.08095492
|2 20
|
| 100 |
1 |
|
|a Morshed, Adnan.
|9 27100
|
| 245 |
1 |
0 |
|a Oculus :
|b a decade of insights into Bangladeshi affairs /
|c Adnan Morshed.
|
| 260 |
|
|
|a Dhaka :
|b University Press Limited,
|c c2012.
|
| 300 |
|
|
|a xv, 194 pages :
|b illustrations (black and white) ;
|c 22 cm.
|
| 526 |
|
|
|a ARC
|
| 541 |
|
|
|a Department of Architecture
|e 33326
|
| 650 |
|
|
|a Manners and customs.
|9 27114
|
| 651 |
|
0 |
|a Bangladesh.
|x Social life and customs.
|9 27101
|
| 852 |
|
|
|a Department of Architecture
|c General Stacks
|
| 942 |
|
|
|2 ddc
|c BK
|
| 999 |
|
|
|c 39725
|d 39725
|
| 952 |
|
|
|0 0
|1 1
|2 ddc
|4 0
|6 306_080954920000000_MOR
|7 0
|9 63752
|a ARC
|b ARC
|c GEN
|d 2018-07-14
|e Department of Architecture
|l 0
|o 306.08095492 MOR
|p 3010033326
|r 2018-07-14
|t 1
|w 2018-07-14
|y BK
|x lost from the ARC department library and approved by the Dean (reasons personal books withdrawn by Hasibul Kabir Sir and Building shifting)
|